Hindi to Kannada letters - Statistics

General Stats
  • This quiz has been taken 11 times
    7 since last reset
  • The average score is 20 of 50
Answer Stats
Hint Answer % Correct
83%
83%
67%
अः ಅಃ
67%
67%
67%
67%
50%
50%
अं ಅಂ
50%
50%
50%
50%
50%
50%
50%
50%
50%
50%
50%
50%
50%
50%
50%
50%
33%
33%
33%
33%
33%
33%
33%
33%
33%
33%
33%
33%
17%
17%
17%
17%
17%
o
17%
17%
ऋऽ
17%
17%
0%
0%
0%
e
0%
No matching quizzes found
Score Distribution
Percent of People with Each Score
Percentile by Number Answered
Your Score History
You have not taken this quiz since the last reset